Ingeniería eléctrica en el marco del desarrollo sostenible: tendencias y aplicaciones: parte II
Gorde:
| Egile nagusia: | |
|---|---|
| Beste egile batzuk: | |
| Formatua: | Liburua |
| Argitaratua: |
[San José, Costa Rica]
2009
|
| Gaiak: | |
| Etiketak: |
Etiketa erantsi
Etiketarik gabe, Izan zaitez lehena erregistro honi etiketa jartzen!
|
MARC
| LEADER | 00000nam a2200000Ia 4500 | ||
|---|---|---|---|
| 003 | 010518 | ||
| 005 | 20240426092937.0 | ||
| 008 | 140114s2009 cr a 000 ||s d | ||
| 040 | |c cru CEDI | ||
| 090 | |a TFG 6129 | ||
| 100 | |a De la Peña Hamblin, Rafael Nakya, 1982- |9 1090 | ||
| 245 | |a Ingeniería eléctrica en el marco del desarrollo sostenible: tendencias y aplicaciones: parte II | ||
| 260 | |a [San José, Costa Rica] |c 2009 | ||
| 500 | |a Proyecto de graduación (bachillerato en ingeniería eléctrica)--Universidad de Costa Rica. Facultad de Ingeniería. Escuela de Ingeniería Eléctrica | ||
| 501 | |a Profesor Guía de IE-0502 Proyecto Eléctrico: Ing. Max Alberto Ruiz Arrieta | ||
| 650 | |x INGENIERÍA ELÉCTRICA |x DESARROLLO SOSTENIBLE |x DISTRIBUCION DE ENERGIA ELECTRICA |x ENERGIA ELECTRICA |x RECURSOS ENERGETICOS RENOVABLES |9 3154 | ||
| 700 | |a Ruiz Arrieta, Max Alberto, 1981- |d Director del Proyecto Eléctrico |9 2073 | ||
| 942 | |c TFG |h TFG 6129 |i 010518 |6 TFG_6129_010518000000000 | ||
| 999 | |c 16086 |d 16086 | ||
